Pokémon, die mit H beginnen - Statistiken

Allgemein
  • Dieses Quiz wurde 26 mal gespielt
  • Das Durchschnittsergebnis liegt bei 19 aus 29
Antwortstatistiken
Nr. Typ Name % Korrekt
229 Unlicht, Feuer Hundemon
100%
228 Unlicht, Feuer Hunduster
95%
21 Normal, Flug Habitak
89%
250 Feuer, Flug Ho-Oh
89%
187 Pflanze, Flug Hoppspross
89%
188 Pflanze, Flug Hubelupf
89%
97 Psycho Hypno
89%
297 Kampf Hariyama
84%
258 Wasser Hydropi
84%
13 Käfer, Gift Hornliu
79%
450 Boden Hippoterus
74%
416 Käfer, Flug Honweisel
74%
163 Normal, Flug Hoothoot
74%
485 Feuer, Stahl Heatran
68%
449 Boden Hippopotas
68%
427 Normal Haspiror
63%
242 Normal Heiteira
63%
813 Feuer Hopplo
63%
977 Wasser Heerashai
58%
575 Psycho Hypnomorba
58%
952 Pflanze, Feuer Halupenjo
53%
926 Fee Hefel
53%
868 Fee Hokumil
53%
1019 Pflanze, Drache Hydrapfel
53%
591 Pflanze, Gift Hutsassa
47%
874 Gestein Humanolith
37%
617 Käfer Hydragil
37%
720 Psycho, Geist Hoopa
32%
947 Pflanze, Geist Horrerba
32%
Keine übereinstimmenden Quizze gefunden
Verteilung der Resultate
Anzahl Personen mit jedem Resultat
Perzentil nach korrekt beantworteten Fragen
Ihre Resultats-Entwicklung
Sie haben dieses Quiz noch nicht gespielt